00681nam a2200193Ia 4500008004100000020001400041082001800055100002200073245008700095250000800182260004400190300002800234500002700262600003300289650002800322942000700350952011500357999001500472240925s9999 xx 000 0 und d a812042778 a428.24076 SHA aSharpe ,J. Pamela 0aBarron's How to Prepare for the TOEFL Test : Test of English As a Foreign Language a6th aNew York:bBarrons Educa Seriesc,1986. axx,1237p.bNAfOriginal aIncludes Illustrations aHumanities & Natural Science aEnglish and Old English cBK 001040708HUMaUITUbUITUd2002-02-26eGifted l0o428.24076 SHApQ4262r2024-09-25 07:13:27w2024-09-25yBK c6761d6761